| 000 | 00602cam a22002053a 4500 | ||
|---|---|---|---|
| 001 | 40225 | ||
| 003 | PGUSA | ||
| 005 | 20140828083909.0 | ||
| 008 | 120713s2012||||xxu|||||s|||||000 | eng d | ||
| 040 |
_aPGUSA _beng |
||
| 042 | _adc | ||
| 100 | 1 | _aBowen, Benjamin Franklin | |
| 245 | 1 | 0 |
_aAmerica Discovered by the Welsh in 1170 A.D. _h[electronic resource] / _cBenjamin Franklin Bowen |
| 260 |
_bProject Gutenberg, _c2012 |
||
| 506 | _aPublic domain in the USA. | ||
| 516 | _aElectronic text | ||
| 830 | 0 |
_aProject Gutenberg _v40225 |
|
| 856 | 4 | 0 | _uhttp://www.gutenberg.org/ebooks/40225 |
| 942 | _cEB | ||
| 999 |
_c269478 _d269478 |
||